La France selon Google Image - Statistiques

Statistiques générales
  • Ce quiz a été pris 259 fois
  • Le résultat moyen est 16 sur 22
Statistiques - réponses
Par images Hint Réponse % Correct
59 fois. Drapeau tricolore
100%
9 fois. Louvre
99%
30 fois. Ville. Paris
99%
31 fois. Fleuve. Seine
99%
77 fois. Tour Eiffel
98%
13 fois. Sport. Football
97%
7 fois. Arc de Triomphe
96%
4 fois. Emmanuel Macron
95%
8 fois. Mont Saint-Michel
94%
4 fois. Ville. Marseille
90%
16 fois. Ville. Nice
89%
5 fois. Marianne
86%
9 fois. Paysage. Champs et prairies
77%
5 fois. Union Européenne
77%
7 fois. Type de cultures. Lavande
74%
6 fois. Falaises d'Etretat
63%
7 fois. Institution économique. {Banque} de France
55%
4 fois. Ville. Colmar
45%
5 fois. Région. Plages de {Corse}
28%
5 fois. Place. Place de la Bourse, Bordeaux
15%
4 fois. Village. Gordes
7%
4 fois. Ville. Villefranche-sur-Mer
1%
Aucun quiz correspondant
Distribution des résultats
% des personnes avec chaque résultat
Percentile par nombre de réponses
Votre historique - résultats
Vous n’avez pas pris ce quiz